| 000 | 00738nam a22002057a 4500 | ||
|---|---|---|---|
| 003 | OSt | ||
| 005 | 20250714125401.0 | ||
| 008 | 250714t |||aod|| |||| 00| 0 spa d | ||
| 020 | _a9786280005140 | ||
| 037 | _bDonación | ||
| 040 |
_aCO-JMCR _bspa _cCO-JMCR _dCO-JMCR _erda |
||
| 041 | 0 | _aspa | |
| 082 | 0 | 4 |
_223 _a330.986 _bC71v |
| 110 | 1 |
_aColombia _bDepartamento Nacional de Planeación |
|
| 245 | 1 | 0 |
_aVisión Colombia 2050 : _bdiscusión sobre el país del futuro / _cDepartamento Nacional de Planeación. |
| 260 |
_aBogotá : _bEditorial Planeta Colombiana, _c2022. |
||
| 300 |
_a272 páginas : _bilustraciones, gráficas, fotografías ; _c28 cm. |
||
| 500 | _aIncluye referencias bibliográficas (páginas 249-273). | ||
| 942 |
_2ddc _cBK |
||
| 999 |
_c31047 _d17431 |
||